Применение наноструктурированных материалов в нефтегазовой промышленности; Проблемы геологии и освоения недр; Т. 2
| Parent link: | Проблемы геологии и освоения недр: труды XIX Международного симпозиума имени академика М. А. Усова студентов и молодых ученых, посвященного 70-летнему юбилею Победы советского народа над фашистской Германией, Томск, 6-10 апреля 2015 г./ Национальный исследовательский Томский политехнический университет (ТПУ), Институт природных ресурсов (ИПР) ; Общество инженеров-нефтяников, международная некоммерческая организация, Студенческий чаптер ; под ред. А. Ю. Дмитриева.— , 2015 Т. 2.— [С. 473-474] |
|---|---|
| Yazar: | |
| Müşterek Yazar: | |
| Diğer Yazarlar: | |
| Özet: | Заглавие с экрана |
| Dil: | Rusça |
| Baskı/Yayın Bilgisi: |
|
| Seri Bilgileri: | Современная нефтепромысловая техника и её совершенствование |
| Konular: | |
| Online Erişim: | http://earchive.tpu.ru/handle/11683/22891 http://www.lib.tpu.ru/fulltext/c/2015/C11/V2/212.pdf |
| Materyal Türü: | MixedMaterials Elektronik Kitap Bölümü |
| KOHA link: | https://koha.lib.tpu.ru/cgi-bin/koha/opac-detail.pl?biblionumber=615514 |
MARC
| LEADER | 00000naa2a2200000 4500 | ||
|---|---|---|---|
| 001 | 615514 | ||
| 005 | 20231101132849.0 | ||
| 035 | |a (RuTPU)RU\TPU\conf\13713 | ||
| 035 | |a RU\TPU\conf\13707 | ||
| 090 | |a 615514 | ||
| 100 | |a 20151111d2015 k y0rusy50 ca | ||
| 101 | 0 | |a rus | |
| 102 | |a RU | ||
| 105 | |a y z 100zy | ||
| 135 | |a drgn ---uucaa | ||
| 181 | 0 | |a i | |
| 182 | 0 | |a b | |
| 200 | 1 | |a Применение наноструктурированных материалов в нефтегазовой промышленности |f А. П. Пащенко |g науч. рук. В. Г. Крец | |
| 203 | |a Текст |c электронный | ||
| 225 | 1 | |a Современная нефтепромысловая техника и её совершенствование | |
| 230 | |a 1 компьютерный файл (pdf; 440 Kb) | ||
| 300 | |a Заглавие с экрана | ||
| 320 | |a [Библиогр.: с. 474 (6 назв.)] | ||
| 337 | |a Adobe Reader | ||
| 461 | 1 | |0 (RuTPU)RU\TPU\conf\12865 |t Проблемы геологии и освоения недр |o труды XIX Международного симпозиума имени академика М. А. Усова студентов и молодых ученых, посвященного 70-летнему юбилею Победы советского народа над фашистской Германией, Томск, 6-10 апреля 2015 г. |o в 2 т. |f Национальный исследовательский Томский политехнический университет (ТПУ), Институт природных ресурсов (ИПР) ; Общество инженеров-нефтяников, международная некоммерческая организация, Студенческий чаптер ; под ред. А. Ю. Дмитриева |d 2015 | |
| 463 | 1 | |0 (RuTPU)RU\TPU\conf\13350 |t Т. 2 |v [С. 473-474] | |
| 610 | 1 | |a труды учёных ТПУ | |
| 610 | 1 | |a электронный ресурс | |
| 610 | 1 | |a наноструктурированные материалы | |
| 610 | 1 | |a нефтегазовая промышленность | |
| 700 | 1 | |a Пащенко |b А. П. | |
| 702 | 1 | |a Крец |b В. Г. |c специалист в области нефтегазового дела |c доцент Томского политехнического университета, кандидат технических наук |f 1942- |g Виктор Георгиевич |2 stltpush |4 727 | |
| 712 | 0 | 2 | |a Национальный исследовательский Томский политехнический университет (ТПУ) |b Институт природных ресурсов (ИПР) |b Кафедра транспорта и хранения нефти и газа (ТХНГ) |h 257 |2 stltpush |3 (RuTPU)RU\TPU\col\18661 |
| 801 | 2 | |a RU |b 63413507 |c 20210118 |g RCR | |
| 856 | 4 | |u http://earchive.tpu.ru/handle/11683/22891 | |
| 856 | 4 | |u http://www.lib.tpu.ru/fulltext/c/2015/C11/V2/212.pdf | |
| 942 | |c BK | ||